[Event "Assiut Upper Egypt"]
[Site "Assiut"]
[Date "2011.10.15"]
[Round "4"]
[White "Yusef, Fady"]
[Black "Abadalla, Mohamed Kamel"]
[Result "1-0"]
[WhiteElo "1725"]
[BlackElo "1993"]
[PlyCount "29"]
[EventDate "2011.10.13"]
[EventType "tourn"]
[EventRounds "9"]
[EventCountry "EGY"]
[SourceTitle "EXT 2019"]
[Source "ChessBase"]
[SourceDate "2018.10.10"]
[SourceVersion "1"]
[SourceVersionDate "2018.10.10"]
[SourceQuality "1"]

1. e4 d5 2. exd5 Qxd5 3. Nf3 Nc6 4. d4 Bg4 5. Be2 0-0-0 6. Be3 h6 7. c4 Qa5+ 8. Nc3 f5 9. d5 e6 10. Qb3 Bxf3 11. Bxf3 Ne5 12. Be2 exd5 13. cxd5 Nf6 14. 0-0 Bc5 15. Rac1 1-0